Criminologa̕ de la personalidad antisocial Personalidades criminales violentas y perfiles criminales /

Bibliographic Details
Main Author: Arrona Palacios, Arturo
Format: eBook
Language:Spanish
Published: Lima: Universidad de San Martin de Porres, 2020
Subjects:
Online Access:Acceso restringido

MARC

LEADER 00000nam a22000007a 4500
005 20200806012635.0
007 cr|||| |||
008 200806s2020 pe |||||s|||| 00||0 spa d
020 |a 978-612-4460-21-0 
035 |a 32064 
040 |a vLex 
090 |c 10724  |d 10724 
100 1 |a Arrona Palacios, Arturo 
245 1 0 |a Criminologa̕ de la personalidad antisocial  |h [Recurso electrn̤ico] :  |b Personalidades criminales violentas y perfiles criminales /  |c Arturo Arrona Palacios 
256 |a Servicio en ln̕ea 
260 |a Lima:  |b Universidad de San Martin de Porres,  |c 2020 
300 |a 1 recurso electrn̤ico 
506 1 |a Disponible solo en los productos indicados  |d vLex Global  |d vLex Global (Academic Edition, excluding Law Schools)  |d vLex Global (U.S. Academic Edition, Law Schools)  |d vLex Global (U.S. Academic Edition, excluding Law Schools)  |d vLex Global (Academic Edition, Law Schools) 
650 0 4 |a Derecho Penal  |z Per︢ 
650 0 4 |a Derecho Pb︢lico y Administrativo  |z Per︢ 
740 0 |a vLex Libros (Servicio en ln̕ea) 
856 4 0 |u http://vlex.com/source/criminologia-de-la-personalidad-antisocial-personalidades-criminales-violentas-y-perfiles-criminales-32064  |z Acceso restringido 
942 |c BOOK 
999 0 |a Criminal Law 
999 0 |a Public and Administrative Law